| 000 | 00728nam a22002057a 4500 | ||
|---|---|---|---|
| 999 |
_c533010 _d533010 |
||
| 003 | NUST | ||
| 005 | 20191216120129.0 | ||
| 008 | 191210b ||||| |||| 00| 0 eng d | ||
| 038 | _aIESE | ||
| 082 |
_a628 _bALI |
||
| 100 |
_aAli,Muhammad _919316 |
||
| 245 |
_aUpconcentration of domestic wastewater through biosorption sedimentation process _cMuhammad Ali |
||
| 260 |
_aIslamabad _bIESE (SCEE) NUST _c2019 |
||
| 300 |
_a41p. _bH.B |
||
| 440 |
_aMS Environmental Engineering _91549 |
||
| 500 | _aThesis MS EE | ||
| 650 |
_aEnvironmental Engineering _91550 |
||
| 700 | _4Dr. Sher Jamal (Supervisor) | ||
| 942 |
_2ddc _cTHE _kIESE |
||